[Event "LAT-LTU m"]
[Site "Liepaja"]
[Date "2005.08.14"]
[Round "1"]
[White "Fichmanas, Risardas"]
[Black "Antoms, Guntars"]
[Result "1/2-1/2"]
[WhiteElo "2306"]
[BlackElo "2436"]
[PlyCount "26"]
[EventDate "2005.08.14"]
[EventType "team"]
[EventRounds "1"]
[EventCountry "LAT"]
[SourceTitle "EXT 2006"]
[Source "ChessBase"]
[SourceDate "2005.11.24"]
[SourceVersion "1"]
[SourceVersionDate "2005.11.24"]
[SourceQuality "1"]

1. e4 c6 2. d4 d5 3. Nc3 dxe4 4. Nxe4 Bf5 5. Ng3 Bg6 6. Nh3 Nd7 7. Nf4 Ngf6 8. Bc4 e5 9. Qe2 Qe7 10. Nxg6 hxg6 11. dxe5 Nxe5 12. 0-0 Nxc4 13. Qxc4 0-0-0 1/2-1/2

[Event "Maccabiah GM"]
[Site "Jerusalem"]
[Date "2005.07.17"]
[Round "6"]
[White "Grunberg, Mihai Lucian"]
[Black "Fichmanas, Risardas"]
[Result "1/2-1/2"]
[WhiteElo "2418"]
[BlackElo "2306"]
[PlyCount "38"]
[EventDate "2005.07.10"]
[EventType "tourn"]
[EventRounds "9"]
[EventCountry "ISR"]
[EventCategory "4"]
[SourceTitle "CBM 107 Extra"]
[Source "ChessBase"]
[SourceDate "2005.09.01"]
[SourceVersion "1"]
[SourceVersionDate "2005.09.01"]
[SourceQuality "1"]

1. c4 Nf6 2. g3 e5 3. Bg2 c6 4. b3 d5 5. Bb2 Bd6 6. cxd5 cxd5 7. Nc3 d4 8. Nb5 0-0 9. Nxd6 Qxd6 10. Nf3 Nc6 11. d3 Be6 12. 0-0 Rfe8 13. Qd2 a5 14. Ng5 Bd5 15. Ne4 Bxe4 16. dxe4 a4 17. Rac1 axb3 18. axb3 Na5 19. Qd3 Qb6 1/2-1/2

[Event "Maccabiah GM"]
[Site "Jerusalem"]
[Date "2005.07.12"]
[Round "2"]
[White "Fichmanas, Risardas"]
[Black "Porat, Shay"]
[Result "0-1"]
[WhiteElo "2306"]
[BlackElo "2416"]
[PlyCount "74"]
[EventDate "2005.07.10"]
[EventType "tourn"]
[EventRounds "9"]
[EventCountry "ISR"]
[EventCategory "4"]
[SourceTitle "CBM 107 Extra"]
[Source "ChessBase"]
[SourceDate "2005.09.01"]
[SourceVersion "1"]
[SourceVersionDate "2005.09.01"]
[SourceQuality "1"]

1. d4 Nf6 2. g3 g6 3. Bg2 Bg7 4. e4 0-0 5. Ne2 c5 6. c3 d6 7. 0-0 Qc7 8. h3 Nc6 9. Be3 b6 10. f4 Ba6 11. Rf2 cxd4 12. Nxd4 Bb7 13. Nd2 Nxd4 14. cxd4 Rac8 15. g4 Qc2 16. g5 Nh5 17. Qxc2 Rxc2 18. Nb3 Rxf2 19. Kxf2 f6 20. Ke1 f5 21. Rc1 Bxe4 22. Bf1 e5 23. fxe5 dxe5 24. Rc7 Bd5 25. Rxa7 f4 26. Bd2 e4 27. Rd7 Be6 28. Rd6 Bxb3 29. axb3 e3 30. Bc4+ Kh8 31. Bc1 Re8 32. Rxb6 f3 33. Bxe3 Rxe3+ 34. Kf2 Bxd4 35. Rd6 Rd3+ 36. Ke1 f2+ 37. Ke2 Ng3+ 0-1